Pokémon que empiezan por la letra F - Estadísticas

Estadísticas generales
  • Esta prueba ha sido intentada 20 veces
  • La puntuación promedio es 30 de 51
Estadísticas de respuestas
Gen. Tipo Nombre % Correcto
I Normal/Volador Fearow
86%
II Agua Feraligatr
79%
IX Roca/Eléctrico Ferropúas
79%
V Planta/Acero Ferrothorn
79%
IV Agua Finneon
79%
I Fuego Flareon
79%
III Tierra/Dragon Flygon
79%
VI Agua Froakie
79%
VI Fuego Fennekin
71%
V Planta/Acero Ferroseed
71%
VI Agua Frogadier
71%
IV Hielo/Fantasma Froslass
71%
VI Hada Flabébé
64%
VI Fuego/Volador Fletchinder
64%
VI Normal/Volador Fletchling
64%
IV Agua Floatzel
64%
VI Hada Floette
64%
VI Hada Florges
64%
V Agua/Fantasma Frillish
64%
VIII Hielo/Bicho Frosmoth
64%
II Normal Furret
64%
III Agua Feebas
57%
IX Siniestro/Volador Ferrocuello
57%
IX Tierra/Acero Ferrodada
57%
IX Hada/Lucha Ferropaladín
57%
IX Planta/Psíquico Ferroverdor
57%
II Eléctrico Flaaffy
57%
VIII Planta/Dragon Flapple
57%
II Bicho/Acero Forretress
57%
VI Normal Furfrou
57%
I Normal/Volador Farfetch´d
50%
IX Roca/Psíquico Ferromole
50%
IX Lucha/Eléctrico Ferropalmas
50%
IX Fuego/Veneno Ferropolilla
50%
IX Acero/Psíquico Ferrotesta
50%
IX Veneno/Hada Fezandipiti
50%
IX Fuego/Dragon Flamariete
50%
IX Volador/Lucha Flamigo
50%
V Dragon Fraxure
50%
IX Dragon/Hielo Frigibax
50%
IX Fuego Fuecoco
50%
VIII Lucha Falinks
43%
IX Hielo/Agua Ferrosaco
43%
IX Hada Fidough
43%
IX Planta Floragato
43%
VII Planta Fomantis
43%
V Planta/Veneno Foongus
43%
IX Normal/Psíquico Farigiraf
36%
IX Agua Finizen
36%
IX Psíquico Flittle
36%
IX Planta/Siniestro Furioseta
36%
No se encontraron pruebas coincidentes
Distribución de puntuación
Porcentaje de gente con cada puntuación
Porcentaje por número respondido
Historial de tus puntuaciones
No has intentado esta prueba.